Finite Element Method (FEM) Model and Performance Analysis of Solid Oxide Fuel Cells (Record no. 20561)

MARC details
000 -LEADER
fixed length control field 00689nam a2200133Ia 4500
008 - FIXED-LENGTH DATA ELEMENTS--GENERAL INFORMATION
fixed length control field 220616s9999||||xx |||||||||||||| ||und||
022 ## - INTERNATIONAL STANDARD SERIAL NUMBER
International Standard Serial Number 23658029
100 ## - MAIN ENTRY--PERSONAL NAME
Personal name Geisler, Helge Ingolf
245 #0 - TITLE STATEMENT
Title Finite Element Method (FEM) Model and Performance Analysis of Solid Oxide Fuel Cells
546 ## - LANGUAGE NOTE
Language note English[eng]
650 ## - SUBJECT ADDED ENTRY--TOPICAL TERM
Topical term or geographic name entry element Finite Element Method (FEM) simulation||Solid Oxide Fuel Cell (SOFC)||Hochtemperatur Festoxid-Brennstoffzelle (SOFC)||anode supported cell (ASC)||Finite Elemente Methode (FEM) Simulation||mischleitende (MIEC) Kathode||mixed-ionic-electronic conductive (MIEC) cathode||anodengestützte Zelle (ASC)
856 ## - ELECTRONIC LOCATION AND ACCESS
Uniform Resource Identifier <a href="https://www.ksp.kit.edu/9783731508953">https://www.ksp.kit.edu/9783731508953</a>
942 ## - ADDED ENTRY ELEMENTS (KOHA)
Koha item type E-Books
Holdings
Withdrawn status Lost status Damaged status Not for loan Home library Current library Date acquired Total Checkouts Date last seen Price effective from Koha item type
        Kerala University of Digital Sciences, Innovation and Technology Knowledge Centre Kerala University of Digital Sciences, Innovation and Technology Knowledge Centre 16/06/2022   16/06/2022 16/06/2022 E-Books